000 00193 a2200097 4500
020 _a9992442476
041 _aspa
100 _aJorge Bautista Lara
245 _aEscape por el Espejo
942 _cK
999 _c27651
_d27651